000
00344nam a2200157Ia 4500
100
_a
Brey. barry B.
250
_a
4
942
_c
BK
654
_a
Computer
245
_a
Intel Microprocessors 8086/ 486 Pentium Pro Process
260
_b
Prentice Hall
_c
1997
082
_a
4.165
_b
BRE
300
_a
907
546
_a
ENGLISH
999
_c
27013
_d
27013